Statistics for Cars

Click here to take the quiz!

General Stats

  • This quiz has been taken 80 times
  • The average score is 13 of 15

Answer Stats

Answer% Correct
audi
99%
bmw
99%
ford
99%
tesla
99%
porsche
97%
jaguar
96%
mazda
94%
lamborghini
93%
mini
90%
smart
89%
mustang
83%
acura
76%
opel
68%
model t
56%
ford thunderbird
22%

Score Distribution

Percentile by Number Answered

Percent of People with Each Score

Your Score History

You have not taken this quiz